Perspective on nation building and development: political and legal issues (Record no. 3769)

MARC details
000 -LEADER
fixed length control field 00389nam a22001337a 4500
008 - FIXED-LENGTH DATA ELEMENTS--GENERAL INFORMATION
fixed length control field 250604b |||||||| |||| 00| 0 eng d
020 ## - INTERNATIONAL STANDARD BOOK NUMBER
ISBN 9788065872
245 ## - TITLE STATEMENT
Title Perspective on nation building and development: political and legal issues
260 ## - PUBLICATION, DISTRIBUTION, ETC. (IMPRINT)
Place of publication Lagos
Name of publisher Concepts publications limited
Date of publication 2008
300 ## - COLLATION
Pagination 374p
650 ## - TRACINGS
Main Subject national building
942 ## - ADDED ENTRY ELEMENTS (KOHA)
Item type Books
050 ## - LIBRARY OF CONGRESS CALL NUMBER
Classification number JZ 6300
Item number .P 47
Holdings
Source of classification or shelving scheme Not for loan Permanent location Current location Date acquired Accession No. Full call number Barcode. Koha item type
Library of Congress Classification   Samuel Ogbemudia Main Library, University of Abuja Samuel Ogbemudia Main Library, University of Abuja 06/04/2025 2023/61706 JZ 6300.P 47 2025-2351 Books